Loading...
| Current Events | 2 | 20.00 | 100% | 50% | 50% |
| Fine Arts - Auditory Fine Arts | 4 | 15.00 | 100% | 50% | 0% |
| Fine Arts - Other Fine Arts | 8 | 15.00 | 88% | 50% | 13% |
| Fine Arts - Visual Fine Arts | 4 | 15.00 | 75% | 75% | 0% |
| Geography | 3 | 20.00 | 100% | 67% | 33% |
| History - American History | 6 | 15.00 | 83% | 67% | 0% |
| History - European History | 4 | 22.50 | 100% | 100% | 25% |
| History - Other History | 6 | 21.67 | 100% | 83% | 33% |
| History - World History | 5 | 18.00 | 100% | 80% | 0% |
| Literature - American Literature | 7 | 22.86 | 100% | 86% | 43% |
| Literature - British Literature | 3 | 13.33 | 67% | 67% | 0% |
| Literature - European Literature | 7 | 21.43 | 100% | 71% | 43% |
| Literature - World Literature | 5 | 26.00 | 100% | 100% | 60% |
| Mythology | 3 | 13.33 | 67% | 33% | 33% |
| Other Academic | 2 | 15.00 | 100% | 50% | 0% |
| Philosophy | 8 | 18.75 | 100% | 63% | 25% |
| Religion | 5 | 20.00 | 100% | 60% | 40% |
| Science - Biology | 3 | 13.33 | 100% | 0% | 33% |
| Science - Chemistry | 3 | 13.33 | 67% | 67% | 0% |
| Science - Other Science | 7 | 14.29 | 100% | 43% | 0% |
| Science - Physics | 6 | 18.33 | 100% | 67% | 17% |
| Social Science | 6 | 20.00 | 100% | 67% | 33% |